00678nam a2200169 a 450000100100000000500170001000800410002702000180006804000250008604100130011124500990012424600510022326000910027430000210036595201050038699900170049100004382520201002045005.0140506s2009 sp 001 0 spa d a9788446030331 aDO-SdBNPbspacBNPHU17aspahbnt00aDiccionario español-bubi =bË ribúkku ra balláa béböbé-lëë /cJusto Boleika.13aË ribúkku ra balláa béböbé-lëë aMadrid :bAgencia Española de Cooperación Internacional para el Desarrollo,c2009. a542 p. ;c23 cm. 001050718MOaGRbGRcCTd2014-05-06iLF1l0o p43825-10r2020-06-25w2020-06-25y1ZNo se presta c43314d43314